000 00709nam a22001937a 4500
999 _c170968
_d170968
005 20200101102342.0
010 _aA-511321
020 _c100.00
_a-
035 _aA-511321
037 _bBPPD
082 _a841
100 _aصو فی جے ا يم ر ہبر
245 _aا سر ا ر محبت
_cصو فی جے ا يم ر ہبر
246 _aIsrar-e-Mohabat (Urdu)
_bby Sufi J.M.Rehber
260 _aLucknow
_c1992 ء
_bSufi J.M.Rehber
270 _aMohd.Yaseen Bartan Wale,D-52,Gali-1,Mohan puri Yamuna Vihar Road,Gonda
_bDelhi
_k-
_e110053
300 _a166 ص
_c22 cm(hb)
942 _2ddc
_cUR
_h841
_mر ہ ب